000 00890na a2200301 4500
001 16640
003 MIRAKIL
005 20181213155107.0
008 161013b tu 000 0
020 _a9789750127458
035 _a16640
040 _aMilas
_btur
_cTR-AnCHP
041 _atur
082 _a923.5 Ağar,A.
_bA32b 2009
090 _a923.5 Ağar,A. A32b 2009
100 _aAğar, Abdullah
245 _aBaskın
_bbiz bu dağların erleri
_cAbdullah Ağar
246 _aBiz bu dağların erleri
250 _a3.bs.
260 _aİstanbul
_bKitaptürk
_c2009
300 _a384 s.
_bfotg.
_c23 sm.
500 _aYapıt yazarından imzalıdır.
600 _aAğar, Abdullah
_cTim komutanı
_xAnılar
650 _aAskerler
_xÖyküler
_zGüneydoğu Anadolu
650 _aŞehit ve gaziler
_xAnılar
651 _aGüneydoğu Anadolu
_xTerör
_yAnılar
942 _2ddc
_cBKS
999 _c6413
_d6413